Ultimate Star Wars: KOTOR Trivia - Statistics

General Stats
  • This quiz has been taken 910 times
  • The average score is 40 of 65
Answer Stats
Hint Answer % Correct
Desert planet with two suns Tatooine
94%
Player's true identity Darth Revan
88%
Forest planet with gargantuan trees Kashyyyk
87%
Sparsely populated world of vast plains, Jedi Enclave Dantooine
85%
Old apprentice of the above^, leader of the current Sith Empire Darth Malak
85%
Speedy smuggling ship modeled on the Millenium Falcon Ebon Hawk
85%
Urban world with Upper, Lower, and Under cities Taris
85%
Jedi Knight with 'Battle Meditation' ability that can turn the tide of war Bastila Shan
83%
Barren world of cliffs and valleys, location of Sith Academy Korriban
82%
Republic veteran, expert pilot who first joins the player Carth Onasi
79%
Sarcastic, arrogant protocol / assassin droid HK-47
78%
Fat, slug-like alien race, often crime bosses Hutt
77%
Resourceful young female orphan who joins the team Mission Vao
77%
Large, hairy inhabitants of the forest planet Wookiee
77%
Enormous space station and starship factory; sight of final battle Star Forge
76%
Mandalorian mercenary that helps the player acquire a ship Canderous Ordo
75%
Condescending term used by the above^ to refer to sentient organisms "Meatbag"
75%
Nomadic tribal raiders of desert planet, hostile to settlers Sand People
74%
Neutral water world with an artificial island city Manaan
73%
Old hermit Jedi that joins the team Jolee Bindo
71%
Big hairy companion of the above^ Zaalbar
71%
Small, relatively helpless scavenger inhabitants of desert planet Jawa
69%
Mammoth-like cattle herded by the above^ Bantha
67%
Republic ship boarded and destroyed in the beginning of the game Endar Spire
66%
Highly valuable substance with healing properties, cultivated by the above^ Kolto
66%
Common alien race with head-tails, similar to humans Twi'lek
66%
Popular gambling card game Pazaak
65%
Place for drinking and recreation, similar to a bar Cantina
64%
Aggressive pig-like alien race of limited intelligence, armed with battle axes Gamorrean
64%
Cat-like 'fallen' Jedi who can be either killed or redeemed and join the team Juhani
64%
Unique ranged weapon used by the above^ Bowcaster
63%
Blue-crystal Jedi class, focused on combat Guardian
60%
Common "bug-eyed" alien race, often merchants or thugs (e.g. Greedo) Rodian
60%
Common melee weapon, capable of countering a lightsaber Vibroblade
60%
Morally bankrupt galaxy-wide corporation involved in many industries Czerka
59%
Yellow-crystal Jedi class, focused on skills and abilities Sentinel
59%
Oceanic world spotted with thousands of islands, where the player crash lands Unknown World / Rakata Prime
59%
Utility droid team member, modeled on R2-D2 T3-M4
58%
Infamous bounty hunter initially employed by above^, survives bombardment Calo Nord
57%
Exchange boss with purple armor, previous owner of the player's ship Davik Kang
56%
Popular speed-based sport the gangs compete in Swoop Racing
56%
Legendary Mandalorian duelist who only fights deathmatches Bendak Starkiller
55%
Sith Flagship which briefly captures the player's ship Leviathan
55%
Amphibious alien race that inhabits the water planet Selkath
55%
Character class focused on combat Soldier
55%
First apprentice of the above^, boards the Republic ship in the beginning Darth Bandon
54%
Deadly Undercity creatures that can infect people and transform them Rakghoul
54%
Business the above^ was involved in on the forrest planet Slave Trade
54%
Thing or place that allows you to upgrade certain weapons and armor Workbench
54%
Name of one of the Sith Lords whose tombs you can enter Ragnos / Hord / Pall / Sadow
53%
Green-crystal Jedi class, focused on diplomacy and force powers Consular
51%
'Feat' that allows player to make three strikes in one using a melee weapon Flurry
51%
Admiral of the Sith fleet that hunts the player's team Saul Karath
51%
Large war beast trained by the Black Rakata Rancor
50%
Isolated space station inhabited by a lone eccentric tinkerer / trader Yavin IV Outpost
50%
"Good" gang engaged in a war in the Lower city Hidden Beks
49%
Type of weaponry most effective against droids and energy shields Ion
47%
Character class focused on skills and stealth Scoundrel
43%
Character class which balances combat and skills Scout
43%
"Bad" gang, rivals of the above^ Black Vulkars
42%
'Feat' that allows three strikes in one using a ranged weapon Rapid Shot
39%
Leader of the Black Rakata tribe The One
36%
Fruitless business endeavor the above^^ was involved in on the desert planet Mining
33%
What the 'mysterious box' was Mind Prison
28%
Name of the Red Rakata tribe Elders
27%
No matching quizzes found
Score Distribution
Percent of People with Each Score
Percentile by Number Answered
Your Score History
You have not taken this quiz